Normal view
MARC view
Entry Topical Term
001 - CONTROL NUMBER
- control field: 34398
003 - CONTROL NUMBER IDENTIFIER
- control field: ARRUPE
005 - DATE AND TIME OF LATEST TRANSACTION
- control field: 20170802105450.0
008 - FIXED-LENGTH DATA ELEMENTS
- fixed length control field: 170802|| aca||aabn | a|a d
040 ## - CATALOGING SOURCE
- Original cataloging agency: ARRUPE
- Transcribing agency: ARRUPE
150 ## - HEADING--TOPICAL TERM
- Topical term or geographic name as entry element: Neo-Scholasticism.
670 ## - SOURCE DATA FOUND
- Source citation: Work cat.: (ARRUPE)59806: Henle, R. J. (Robert John), 1909- 34397, The American Thomistic revival in the philosophical papers of R.J. Henle, S.J. :, c1999.